When men are free (Record no. 3820)
[ view plain ]
| 000 -LEADER | |
|---|---|
| fixed length control field | 00316cam a2200133ua 4500 |
| 003 - CONTROL NUMBER IDENTIFIER | |
| control field | OSt |
| 008 - FIXED-LENGTH DATA ELEMENTS--GENERAL INFORMATION | |
| fixed length control field | 210805b ||||| |||| 00| 0 eng d |
| 082 ## - DEWEY DECIMAL CLASSIFICATION NUMBER | |
| Classification number | 323.44 |
| Item number | PRE/WH |
| 245 ## - TITLE STATEMENT | |
| Title | When men are free |
| 260 ## - PUBLICATION, DISTRIBUTION, ETC. (IMPRINT) | |
| Place of publication | Boston : |
| Name of publisher | Columbia university , |
| Year of publication | 1955. |
| 300 ## - PHYSICAL DESCRIPTION | |
| Number of Pages | 167 ; . |
| 500 ## - GENERAL NOTE | |
| General note | **Reference |
| 942 ## - ADDED ENTRY ELEMENTS (KOHA) | |
| Koha item type | Books |
| Withdrawn status | Lost status | Damaged status | Home library | Current library | Date acquired | Full call number | Accession Number | Koha item type |
|---|---|---|---|---|---|---|---|---|
| Withdrawn | KAUAET | Malayalam University | 07/04/2012 | 323.44 | 727 | Reference |
